000 00540nam a2200181Ia 4500
005 20250326144753.0
008 250326s9999 xx 000 0 und d
020 _a81-7188-459-8
037 _aTextbook
040 _aFMSL
_beng
_cFMSL
041 _aeng
_2eng
084 _aX.1t4 P4
_qFMSL
245 0 _aWorld Economic and social survey 2004 : trends and policies in the world economy
260 _aNew Delhi
_bNew Delhi, Academic Foundation
_c2005
300 _a173p
942 _cTB
_hX.1t4 P4
999 _c1304979
_d1304979